000 00553nam a2200181Ia 4500
003 GCL
008 140319s9999 xx 000 0 ara d
040 _aGCL /
_cGCL
082 0 4 _a154
_bب د
100 1 _aبلوم، جيرالدس
245 1 0 _aالديناميات النفسية علم القوى النفسية اللاشعورية /
_cبلوم، جيرالدس
700 1 _aرزق سند ابراهيم ليلة
300 _a173 ص
490 _aكتاب
_v0
650 0 4 _aعلم النفس
650 0 4 _aاللاشعور
942 _2ddc
_cBK
999 _c41249
_d41249